| 000 | 00735nam a2200241 i 4500 | ||
|---|---|---|---|
| 001 | bg | ||
| 100 | 1 | _aGASTON, Kevin J. | |
| 245 | 1 | 0 |
_aBiodiversity : _ban introduction / _cKevin J. Gaston, John I. Spicer. |
| 250 | _a[2nd repr.]. | ||
| 260 |
_aOxford : _bBlackwell Science, _c2002. |
||
| 300 |
_aX, 113 s. : _brys., wykr. ; _c24 cm. |
||
| 504 | _aBibliogr. przy rozdz. | ||
| 650 | 9 | _aRóżnorodność biologiczna | |
| 700 | 1 | _aSPICER, John I. | |
| 020 | _a0632049537 | ||
| 040 | _cBPK | ||
| 041 | 0 | _aen | |
| 080 | _a504.7:574 | ||
| 920 | _a0-632-04953-7 | ||
| 942 | _cKS | ||
| 008 | s pl f |000 0 pol | ||
| 999 |
_c40742 _d40742 |
||
| 856 |
_uhttp://koha.tu.koszalin.pl/cgi-bin/koha/opac-detail.pl?biblionumber=40742 _yKatalog online BPK |
||